Music Quiz

Random Music or Song Quiz

Common word(s) in song titles Quiz Stats

 Plays Quiz not verified by Sporcle

Support Sporcle.
Go Orange.
Score 0/16 Timer 04:00
0 Plays Today
1st musical clue common word(s) % Correct
Beyonce told ______ 'Ladies' to 'Put a Ring on It'Single
97.7%
Dave Edmunds sang 'I Hear You _________'Knocking
95.3%
Lady GaGa had a _____ 'Romance'Bad
95.3%
Ke$ha says 'Your Love is My _____'Drug
86%
Guns N' Roses said 'Welcome to the' _____Jungle
81.4%
Culture Club's was a 'Chameleon'Karma
79.1%
Maroon 5 sang of 'Sunday _______'Morning
79.1%
Scott McKenzie said to 'Wear Some Flowers in Your Hair' thereSan Francisco
76.7%
1st musical clue common word(s) % Correct
Enrique Iglesias sang of this personHero
76.7%
Yes was an 'Owner of a ______ Heart'Lonely
72.1%
Soggy Bottom Boys sang 'I am a Man of _____ sorrowConstant
69.8%
Elton John said _____'Can't Buy You Love'Mama
67.4%
For Genesis, it was ________ 'Touch'Invisible
53.5%
Lisa Lisa & Cult Jam were 'Lost in _______'Emotion
39.5%
Gordon Lightfoot gave us 'Carefree _______'Highway
37.2%
Bad Company sang about a 'Rock 'N' Roll' ______Fantasy
32.6%

You're not logged in!

Compare scores with friends on all Sporcle quizzes.
OR
Log In

From the Vault

The Japan Quiz

by toriver

Japan has given the world many things, but nothing as awesome as 'Hello Kitty'.
Remove Ads.
Support Sporcle.
Get the best of Sporcle when you Go Orange. This ad-free experience offers more features, more stats, and more fun while also helping to support Sporcle. Thank you for becoming a member.

Show Comments

Extras

Created Mar 2, 2011ReportNominate
Tags:Musical Quiz, Song Quiz, 2nd, common

Top Quizzes Today


Score Distribution

Your Account Isn't Verified!

In order to create a playlist on Sporcle, you need to verify the email address you used during registration. Go to your Sporcle Settings to finish the process.

Report this User

Report this user for behavior that violates our Community Guidelines.

Details: